000 00343nam a22001457a 4500
003 OSt
008 201118b ||||| |||| 00| 0 eng d
100 _aTHERJA, B. L.
245 _aBasic Electronics : Solid State
250 _a1st ed
260 _aNew Delhi
_bS Chand
_c2018
300 _a715
650 _aB.Sc Non Medical
942 _2ddc
_cBK
999 _c9148
_d9148